000 01041nam a22002291a 4500
999 _c10111
_d10111
001 10111
003 OSt
005 20260204212146.0
008 070903s2007||||dr ||||||b||||||||||spa||
090 _aESP-GCE 2007 V43
100 1 _aVidal M., Elsa Altagracia
_esustentante
245 1 _aEmbellecimiento de la parte frontal del centro Fernando Arturo de Meriño de Cevicos / Elsa Altagracia Vidal M., José Wilson Guebara C ; asesor Antonio Rosario Gómez.
260 _aCotuí, República Dominicana :
_bUTECO,
_c2007
300 1 _a12 hojas
502 _aTesis (Especialidad en Planificación y Gestión de Centros Educativos)--Universidad Tecnológica del Cibao Oriental, 2007.
504 _aincluye referencia bibliográfica e índice
650 _aEspecialidad en Planificación y Gestión de Centros Educativos.Ì
700 1 _aGuebara C, José Wilson
_esustentante
700 1 _aGómez, Antonio Rosario
_easesor
830 _aTesis y disertaciones académicas (Universidad Tecnológica del Cibao Oriental)
942 _2LC
_cTH